La medicina canaria en la época prehispánica / (Record no. 35324)

MARC details
000 -LEADER
campo de control de longitud fija 00608nam a2200181 i 4500
001 - NÚMERO DE CONTROL
campo de control 35324
003 - IDENTIFICADOR DE NÚMERO DE CONTROL
campo de control ES-MaACL
005 - FECHA Y HORA DE LA ÚLTIMA TRANSACCIÓN
campo de control 20230911063133.0
007 - CAMPO FIJO DE DESCRIPCIÓN FÍSICA--INFORMACIÓN GENERAL
campo de control de longitud fija t|
008 - DATOS DE LONGITUD FIJA--INFORMACIÓN GENERAL
campo de control de longitud fija 030212s1962 sp ||||1| spa d
100 1# - ENTRADA PRINCIPAL--NOMBRE DE PERSONA
Nombre de persona Bosch Millares, Juan,
Fechas asociadas al nombre 1893-1983
9 (RLIN) 30662
245 13 - MENCIÓN DEL TÍTULO
Título La medicina canaria en la época prehispánica /
Mención de responsabilidad, etc. Juan Bosch Millares.
260 ## - PUBLICACIÓN, DISTRIBUCIÓN, ETC.
Lugar de publicación, distribución, etc. [S.l. :
Nombre del editor, distribuidor, etc. s.n.,
Fecha de publicación, distribución, etc. 1962] (
Lugar de fabricación/manufactura Madrid :
Fabricante Diana)
300 ## - DESCRIPCIÓN FÍSICA
Extensión 2 t. en 1 v., 8 lám. ;
Dimensiones 24 cm.
500 ## - NOTA GENERAL
Nota general Es separata de: Anuario de estudios atlánticos.- 1962-nº 8.
852 ## - LOCALIZACIÓN
Ubicación ES-MaACL
Número de control de estantería C-23454
Sublocalización o colección R.51012
Holdings
Estatus retirado Estado de pérdida Estado de daño No para préstamo Biblioteca de origen Biblioteca actual Ubicación en estantería Fecha de adquisición Fuente de adquisición Total de préstamos Signatura topográfica completa Código de barras Visto por última vez Precio de reemplazo Tipo de ítem Koha
        Biblioteca del Ateneo de Madrid Biblioteca del Ateneo de Madrid Depósito 2 17/01/2008     C-23454 1036953 23/02/2023 23/02/2023 Libro impreso